[Event "DVM U20 2024"]
[Site "Breisach am Rhein GER"]
[Date "2024.12.29"]
[Round "6"]
[White "Schröder, Lennart"]
[Black "Eberle, Florian"]
[Result "1/2-1/2"]
[Termination "normal"]
[Board "4.3"]
[WhiteElo "2127"]
[BlackElo "1977"]
[WhiteTeam "SK Münster 32"]
[BlackTeam "KSV Rochade Göttingen (Veltheim)"]
[PlyCount "55"]
[WhiteFideId "16222490"]
[BlackFideId "34627731"]
[EventCountry "GER"]
[EventRounds "7"]
[EventType "team-swiss"]
[EventDate "2024.12.26"]

1. d4 Nf6 2. c4 e6 3. g3 d5 4. Bg2 Be7 5. Nf3 O-O 6. O-O dxc4 7. Qc2 a6 8. a4
Bd7 9. Ne5 Nc6 10. Qxc4 Nxe5 11. dxe5 Nd5 12. Qg4 Kh8 13. Nc3 Nxc3 14. bxc3 Rb8
15. Rd1 Qe8 16. a5 Bc6 17. Qc4 Bxg2 18. Kxg2 Qc8 19. Be3 Kg8 20. Rd3 c5 21. Qa4
Rd8 22. Rxd8+ Qxd8 23. Rd1 Qc8 24. c4 Kf8 25. Rd7 Bd8 26. Rd6 Be7 27. Rd7 Bd8
28. Rd6 1/2-1/2

[Event "DVM U20 2024"]
[Site "Breisach am Rhein GER"]
[Date "2024.12.29"]
[Round "6"]
[White "Tulchynsky, David"]
[Black "Kvantaliani, Saba"]
[Result "0-1"]
[Termination "normal"]
[Board "4.4"]
[WhiteElo "1877"]
[BlackElo "1964"]
[WhiteTeam "KSV Rochade Göttingen (Veltheim)"]
[BlackTeam "SK Münster 32"]
[PlyCount "100"]
[WhiteFideId "16289560"]
[BlackFideId "16284364"]
[EventCountry "GER"]
[EventRounds "7"]
[EventType "team-swiss"]
[EventDate "2024.12.26"]

1. e4 c5 2. Nf3 e6 3. d3 Nc6 4. g3 Nf6 5. Nbd2 d5 6. Bg2 Be7 7. O-O O-O 8. Re1
Qc7 9. a4 dxe4 10. dxe4 e5 11. c3 Be6 12. Ng5 Bd7 13. Qc2 a6 14. Nf1 Rab8 15.
Ne3 h6 16. Nf3 Bd6 17. Nd5 Nxd5 18. exd5 Ne7 19. c4 f5 20. Nd2 Ng6 21. b3 Rbe8
22. f3 h5 23. Bb2 h4 24. Rad1 hxg3 25. hxg3 Qd8 26. Nf1 Qg5 27. Qc3 Rf7 28. Bc1
Qh5 29. Qd2 Rf6 30. Qg5 Qh7 31. Qd2 f4 32. Qf2 e4 33. gxf4 Nxf4 34. Bxf4 Rxf4
35. Qc2 exf3 36. Rxe8+ Bxe8 37. Qxh7+ Kxh7 38. Bh3 g5 39. Bc8 Bg6 40. Kf2 g4
41. Re1 Rd4 42. Bxb7 Kh6 43. Re6 Bf4 44. d6 Bxd6 45. Be4 Rxe4 46. Rxd6 Re2+ 47.
Kg1 Kg5 48. Rxa6 g3 49. Nxg3 Rg2+ 50. Kf1 Bd3+ 0-1

[Event "DVM U20 2024"]
[Site "Breisach am Rhein GER"]
[Date "2024.12.29"]
[Round "6"]
[White "Hartwig, Eric-Jordan"]
[Black "Schilling, Rumo"]
[Result "1/2-1/2"]
[Termination "normal"]
[Board "4.5"]
[WhiteElo "1859"]
[BlackElo "1665"]
[WhiteTeam "SK Münster 32"]
[BlackTeam "KSV Rochade Göttingen (Veltheim)"]
[PlyCount "49"]
[WhiteFideId "16298454"]
[BlackFideId "16283139"]
[EventCountry "GER"]
[EventRounds "7"]
[EventType "team-swiss"]
[EventDate "2024.12.26"]

1. e4 c6 2. Nc3 d5 3. Qe2 d4 4. Nd1 e5 5. g3 Bd6 6. Bg2 Ne7 7. d3 Be6 8. f4 f6
9. Nf3 c5 10. O-O Nbc6 11. f5 Bf7 12. g4 Rc8 13. g5 b5 14. Nf2 Bh5 15. h3 c4
16. dxc4 bxc4 17. gxf6 gxf6 18. Ng4 Rf8 19. Bh6 d3 20. cxd3 cxd3 21. Qd1 Rf7
22. Nfh2 Bc5+ 23. Kh1 Ng8 24. Qb3 Nd4 25. Qxd3 1/2-1/2

[Event "DVM U20 2024"]
[Site "Breisach am Rhein GER"]
[Date "2024.12.29"]
[Round "6"]
[White "Tulchynsky, Mark"]
[Black "Gouterney, Anton"]
[Result "1/2-1/2"]
[Termination "normal"]
[Board "4.6"]
[WhiteElo "1714"]
[BlackElo "1906"]
[WhiteTeam "KSV Rochade Göttingen (Veltheim)"]
[BlackTeam "SK Münster 32"]
[PlyCount "119"]
[WhiteFideId "34617698"]
[BlackFideId "34675418"]
[EventCountry "GER"]
[EventRounds "7"]
[EventType "team-swiss"]
[EventDate "2024.12.26"]

1. e4 c5 2. Nf3 e6 3. g3 Nc6 4. Bg2 Nf6 5. d3 d5 6. Nbd2 Be7 7. O-O O-O 8. Re1
b5 9. c3 Bb7 10. a4 b4 11. Qc2 Rc8 12. c4 dxe4 13. dxe4 e5 14. b3 Qc7 15. Bb2
Nd4 16. Nxd4 cxd4 17. Rad1 Rfd8 18. Nf1 Bc5 19. Bc1 h6 20. Qd3 Bd6 21. f3 Nd7
22. Qb1 Nc5 23. h3 Be7 24. Nh2 Bg5 25. Bxg5 hxg5 26. Ng4 Rd7 27. Nf2 Rcd8 28.
Nd3 a5 29. Nxc5 Qxc5 30. Qd3 Rd6 31. Rf1 Rf6 32. Rde1 Bc8 33. Rf2 Rh6 34. Kh2
g4 35. fxg4 Bxg4 36. Ref1 f6 37. h4 Rf8 38. Kg1 Rf7 39. Bf3 Bh3 40. Bg2 Be6 41.
Bf3 g6 42. Bg2 f5 43. Bh3 Bd7 44. exf5 Bc6 45. Bg2 Bxg2 46. Kxg2 Qc6+ 47. Kg1
Qd6 48. fxg6 Rxf2 49. Rxf2 Qxg6 50. Rf5 e4 51. Qxe4 Qxg3+ 52. Qg2 Rg6 53. Qxg3
Rxg3+ 54. Kf2 Rxb3 55. Rxa5 Rc3 56. Rb5 b3 57. Ke2 Rxc4 58. Rxb3 Rxa4 59. Kd3
Kg7 60. Rb7+ 1/2-1/2

[Event "DVM U20 2024"]
[Site "Breisach am Rhein GER"]
[Date "2024.12.29"]
[Round "6"]
[White "Nguyen, Alex Dac-Vuong"]
[Black "Koll, Linus"]
[Result "1-0"]
[Termination "normal"]
[Board "5.1"]
[WhiteTitle "IM"]
[WhiteElo "2360"]
[BlackElo "2041"]
[WhiteTeam "SG Leipzig"]
[BlackTeam "Karlsruher SF 1853"]
[PlyCount "127"]
[WhiteFideId "12984388"]
[BlackFideId "12990299"]
[EventCountry "GER"]
[EventRounds "7"]
[EventType "team-swiss"]
[EventDate "2024.12.26"]

1. e4 c5 2. Nf3 d6 3. d4 cxd4 4. Nxd4 Nf6 5. f3 Nc6 6. c4 g6 7. Nc3 Bg7 8. Be3
O-O 9. Be2 Bd7 10. Nc2 Ne8 11. O-O Qa5 12. Qd2 f5 13. exf5 Bxf5 14. Nd4 Nxd4
15. Bxd4 Bxd4+ 16. Qxd4 Qc5 17. Rad1 Qxd4+ 18. Rxd4 Nc7 19. f4 h5 20. Bf3 Rab8
21. Re1 Kf7 22. a4 Rfe8 23. g3 Bd7 24. c5 Bc6 25. cxd6 exd6 26. Rxe8 Nxe8 27.
Be2 Rd8 28. b4 b6 29. Rc4 Bd7 30. Kf2 Be6 31. Rd4 Ke7 32. Bd3 Bf7 33. Nd5+ Bxd5
34. Rxd5 Nf6 35. Rg5 Rc8 36. Rxg6 Kf7 37. Rg5 Rc3 38. Bg6+ Kf8 39. a5 d5 40.
axb6 axb6 41. Rf5 Kg7 42. Bxh5 d4 43. Rg5+ Kf8 44. Bg6 Rb3 45. Ke2 Rxb4 46. h4
Nd7 47. h5 Rb2+ 48. Kd3 Nc5+ 49. Kc4 Rh2 50. Rf5+ Kg8 51. Kxd4 Rh3 52. Bf7+ Kg7
53. g4 Rd3+ 54. Kc4 Rf3 55. Bd5 Rh3 56. Rf7+ Kh8 57. Rf8+ Kh7 58. Rf7+ Kh8 59.
Rf6 Nd7 60. Rd6 Nf8 61. Rxb6 Rg3 62. Rf6 Kg7 63. Rf7+ Kg8 64. h6 1-0

[Event "DVM U20 2024"]
[Site "Breisach am Rhein GER"]
[Date "2024.12.29"]
[Round "6"]
[White "Gülsen, Sinan Yilmaz"]
[Black "Haufe, Laurin"]
[Result "1/2-1/2"]
[Termination "normal"]
[Board "5.2"]
[WhiteElo "1862"]
[BlackElo "2170"]
[WhiteTeam "Karlsruher SF 1853"]
[BlackTeam "SG Leipzig"]
[PlyCount "47"]
[WhiteFideId "34606017"]
[BlackFideId "12976504"]
[EventCountry "GER"]
[EventRounds "7"]
[EventType "team-swiss"]
[EventDate "2024.12.26"]

1. d4 Nf6 2. c4 c5 3. d5 b5 4. cxb5 a6 5. bxa6 g6 6. Nc3 Bg7 7. e4 O-O 8. e5
Ne8 9. h4 Bxe5 10. Bh6 Ng7 11. Nf3 Bf6 12. h5 Nxa6 13. Bd3 Qb6 14. Qd2 Nb4 15.
Be4 Re8 16. hxg6 hxg6 17. Bg5 Bd4 18. Be3 f5 19. Bxd4 cxd4 20. Rh8+ Kf7 21.
Ng5+ Kf6 22. Nh7+ Kf7 23. Ng5+ Kf6 24. Nh7+ 1/2-1/2

[Event "DVM U20 2024"]
[Site "Breisach am Rhein GER"]
[Date "2024.12.29"]
[Round "6"]
[White "Herrmann, Arthur"]
[Black "Scheinmaier, Mark"]
[Result "1/2-1/2"]
[Termination "normal"]
[Board "5.3"]
[WhiteElo "1992"]
[BlackElo "1881"]
[WhiteTeam "SG Leipzig"]
[BlackTeam "Karlsruher SF 1853"]
[PlyCount "50"]
[WhiteFideId "16287150"]
[BlackFideId "16238958"]
[EventCountry "GER"]
[EventRounds "7"]
[EventType "team-swiss"]
[EventDate "2024.12.26"]

1. e4 c5 2. Nf3 e6 3. d4 cxd4 4. Nxd4 Nf6 5. Nc3 Nc6 6. Ndb5 Bb4 7. a3 Bxc3+ 8.
Nxc3 d5 9. exd5 exd5 10. Bd3 O-O 11. O-O d4 12. Ne4 Bf5 13. Bg5 Bxe4 14. Bxe4
h6 15. Bxf6 Qxf6 16. Qd2 Rac8 17. Rad1 Rfd8 18. Rfe1 Ne5 19. Qe2 b6 20. Bb7 Rc5
21. b4 Rc7 22. Qxe5 Qxe5 23. Rxe5 Rxb7 24. Re2 Rc7 25. Red2 Rc3 1/2-1/2

[Event "DVM U20 2024"]
[Site "Breisach am Rhein GER"]
[Date "2024.12.29"]
[Round "6"]
[White "Hoffmann, Alexander"]
[Black "Schäfer, Konstantin"]
[Result "0-1"]
[Termination "normal"]
[Board "5.4"]
[WhiteElo "1905"]
[BlackElo "1869"]
[WhiteTeam "Karlsruher SF 1853"]
[BlackTeam "SG Leipzig"]
[PlyCount "120"]
[WhiteFideId "16240219"]
[BlackFideId "16240510"]
[EventCountry "GER"]
[EventRounds "7"]
[EventType "team-swiss"]
[EventDate "2024.12.26"]

1. d4 Nf6 2. c4 c5 3. d5 b5 4. cxb5 a6 5. e3 g6 6. a4 Bg7 7. Nc3 O-O 8. Nf3 d6
9. Be2 axb5 10. Bxb5 Ba6 11. O-O Nbd7 12. Re1 Bxb5 13. Nxb5 Nb6 14. e4 Ne8 15.
Nc3 Nc7 16. Bf4 Na6 17. e5 Nb4 18. Bg3 Nc4 19. Qb3 Na5 20. Qd1 Qb6 21. Nb5 Rfd8
22. exd6 exd6 23. Rb1 c4 24. Nd2 Nd3 25. Nxc4 Nxc4 26. Qxd3 Nxb2 27. Qe2 Nxa4
28. Nxd6 Qd4 29. Rbd1 Nc3 30. Qd3 Nxd1 31. Qxd4 Bxd4 32. Rxd1 f5 33. h4 Ra1 34.
Rxa1 Bxa1 35. h5 Bd4 36. hxg6 hxg6 37. Nb5 Rxd5 38. Nxd4 Rxd4 39. Be5 Re4 40.
Bf6 Kf7 41. Bg5 Ke6 42. g3 Ke5 43. Kg2 Ra4 44. Kf3 Ra3+ 45. Kg2 Ke4 46. Bf4 Ra8
47. Bg5 Rg8 48. Be3 g5 49. Bc1 f4 50. f3+ Kd3 51. Kf2 Rc8 52. Ba3 Rc2+ 53. Kg1
fxg3 54. Bd6 Ke3 55. Bxg3 Kxf3 56. Be5 g4 57. Bd4 g3 58. Kh1 Kg4 59. Kg1 Kh3
60. Kf1 g2+ 0-1

[Event "DVM U20 2024"]
[Site "Breisach am Rhein GER"]
[Date "2024.12.29"]
[Round "6"]
[White "Nguyen, Jenny Ha-Linh"]
[Black "Fischer, Darja"]
[Result "1/2-1/2"]
[Termination "normal"]
[Board "5.5"]
[WhiteElo "1815"]
[BlackElo "1841"]
[WhiteTeam "SG Leipzig"]
[BlackTeam "Karlsruher SF 1853"]
[PlyCount "46"]
[WhiteFideId "16209729"]
[BlackFideId "16240898"]
[EventCountry "GER"]
[EventRounds "7"]
[EventType "team-swiss"]
[EventDate "2024.12.26"]

1. e4 c6 2. d4 d5 3. exd5 cxd5 4. c4 e6 5. Nc3 Nf6 6. Nf3 Be7 7. Bd3 O-O 8. O-O
b6 9. Bg5 Bb7 10. Re1 h6 11. Be3 Nc6 12. a3 Rc8 13. Qe2 Na5 14. Ne5 dxc4 15.
Nxc4 Nxc4 16. Bxc4 Bd5 17. Bd3 Qc7 18. Nxd5 Nxd5 19. Bd2 Rfd8 20. Rac1 Qb8 21.
Rxc8 Rxc8 22. Qe4 Nf6 23. Qf3 Nd5 1/2-1/2

[Event "DVM U20 2024"]
[Site "Breisach am Rhein GER"]
[Date "2024.12.29"]
[Round "6"]
[White "Khachaturyan, Konstantin"]
[Black "Zinke, Mirko"]
[Result "1-0"]
[Termination "normal"]
[Board "5.6"]
[WhiteElo "1807"]
[BlackElo "1791"]
[WhiteTeam "Karlsruher SF 1853"]
[BlackTeam "SG Leipzig"]
[PlyCount "93"]
[WhiteFideId "16239083"]
[BlackFideId "16240600"]
[EventCountry "GER"]
[EventRounds "7"]
[EventType "team-swiss"]
[EventDate "2024.12.26"]

1. e4 d5 2. exd5 Nf6 3. d4 Nxd5 4. Nf3 e6 5. Be2 Bd6 6. O-O O-O 7. Nc3 Nc6 8.
Ne4 Be7 9. c4 Nf6 10. Ng3 b6 11. b3 Bb7 12. Bb2 a5 13. a3 Nb8 14. Qc2 Nbd7 15.
Rad1 b5 16. cxb5 Nd5 17. Ne5 Nf4 18. Bf3 Bxf3 19. Nxf3 Rb8 20. a4 Nd5 21. Ne5
Nxe5 22. dxe5 Bb4 23. Ne4 Qe7 24. Bd4 Qh4 25. Bc5 Bxc5 26. Nxc5 Nf4 27. Qe4
Rbd8 28. g3 Nh3+ 29. Kg2 Qh6 30. Qe3 Qh5 31. Qf3 Qh6 32. Qg4 Nxf2 33. Rxf2 Qe3
34. Rxd8 Rxd8 35. Qc4 Rd1 36. Ne4 Rd4 37. Qc6 Qxe4+ 38. Qxe4 Rxe4 39. Rc2 Kf8
40. Rxc7 Rb4 41. Ra7 h5 42. Rxa5 f5 43. Ra8+ Ke7 44. Ra7+ Kf8 45. Rb7 g5 46. a5
g4 47. a6 1-0

[Event "DVM U20 2024"]
[Site "Breisach am Rhein GER"]
[Date "2024.12.29"]
[Round "6"]
[White "Gallas, Noel"]
[Black "Nied, Pascal"]
[Result "0-1"]
[Termination "normal"]
[Board "6.1"]
[WhiteElo "2115"]
[BlackElo "2217"]
[WhiteTeam "SF Essen-Katernberg 04/32"]
[BlackTeam "SC Untergrombach 46"]
[PlyCount "120"]
[WhiteFideId "16216059"]
[BlackFideId "16260597"]
[EventCountry "GER"]
[EventRounds "7"]
[EventType "team-swiss"]
[EventDate "2024.12.26"]

1. d4 d5 2. Nc3 Nf6 3. Bf4 c5 4. e4 Nxe4 5. Nxe4 dxe4 6. dxc5 Qxd1+ 7. Rxd1 Nc6
8. Bb5 f6 9. Ne2 e5 10. Be3 Be6 11. Nc3 f5 12. O-O Kf7 13. Ba4 Be7 14. Nb5 f4
15. Bc1 Bxc5 16. Nd6+ Bxd6 17. Bxc6 bxc6 18. Rxd6 Ke7 19. Rdd1 Rhd8 20. b3 Bg4
21. Rxd8 Rxd8 22. f3 exf3 23. gxf3 Bh5 24. Re1 Kf6 25. Bb2 Re8 26. Re4 g5 27.
Kf2 Kf5 28. h3 Bf7 29. Ra4 Re7 30. Ra5 h5 31. Ke2 Kf6 32. Kf2 Bg6 33. Ra6 Be8
34. Ra5 Bg6 35. Ra6 Be8 36. Ra5 Bf7 37. Ra6 Rc7 38. Ra5 Re7 39. Ra6 Rc7 40. Ra5
c5 41. b4 Be6 42. Kg2 Bd5 43. c4 Bxc4 44. bxc5 Bd5 45. Kf2 Rc6 46. Ba3 a6 47.
Bb4 Kf5 48. Bc3 Bc4 49. Bb4 g4 50. hxg4+ hxg4 51. fxg4+ Kxg4 52. Ra3 e4 53. Rc3
Bxa2 54. Rc1 Kf5 55. Rd1 e3+ 56. Kf3 Bf7 57. Rd6 Bh5+ 58. Kg2 f3+ 59. Kf1 Bg4
60. Be1 Rxc5 0-1

[Event "DVM U20 2024"]
[Site "Breisach am Rhein GER"]
[Date "2024.12.29"]
[Round "6"]
[White "Hayen, Andre"]
[Black "Jahrke, Jonas"]
[Result "1-0"]
[Termination "normal"]
[Board "6.2"]
[WhiteElo "2045"]
[BlackElo "1881"]
[WhiteTeam "SC Untergrombach 46"]
[BlackTeam "SF Essen-Katernberg 04/32"]
[PlyCount "152"]
[WhiteFideId "16278984"]
[BlackFideId "12984353"]
[EventCountry "GER"]
[EventRounds "7"]
[EventType "team-swiss"]
[EventDate "2024.12.26"]

1. e4 c5 2. Nf3 d6 3. d4 cxd4 4. Nxd4 Nf6 5. Nc3 a6 6. g3 e5 7. Nde2 Be6 8. Bg2
h5 9. h3 Nbd7 10. a4 Be7 11. Be3 Rc8 12. Qd2 Qc7 13. b3 O-O 14. O-O b5 15. axb5
axb5 16. Ra2 Qc6 17. Qd3 Rb8 18. Ra7 b4 19. Nd5 Bxd5 20. exd5 Qb5 21. g4 Qxd3
22. cxd3 hxg4 23. hxg4 Rfd8 24. g5 Ng4 25. Bh3 Nxe3 26. fxe3 Bxg5 27. Rxd7 Rxd7
28. Bxd7 Bxe3+ 29. Kg2 Rb7 30. Ba4 g6 31. Kf3 Bc5 32. Ng1 Kg7 33. Nh3 f6 34.
Nf2 f5 35. Rg1 Kf6 36. Rh1 g5 37. Rh6+ Kg7 38. Re6 g4+ 39. Kg2 Ra7 40. d4 Bxd4
41. Rxd6 e4 42. Rc6 Rd7 43. d6 Kf6 44. Rb6 Rd8 45. d7+ Ke7 46. Rg6 Ra8 47. Nxe4
fxe4 48. Rxg4 Rxa4 49. Rxe4+ Kd8 50. bxa4 Bc3 51. Rc4 Kxd7 52. Kf1 Kd6 53. Ke2
Kd5 54. Kd3 Be1 55. Rc8 b3 56. Rb8 Kc5 57. Rb5+ Kc6 58. Kc4 b2 59. Rxb2 Ba5 60.
Rh2 Kb7 61. Kb5 Bc7 62. Rh7 Kb8 63. a5 Be5 64. Rd7 Ka8 65. Kb6 Bf4 66. Ra7+ Kb8
67. Re7 Ka8 68. a6 Bd6 69. Rd7 Bg3 70. a7 Bf2+ 71. Ka6 Bb6 72. Re7 Bd8 73. Rh7
Bf6 74. Rb7 Be5 75. Re7 Bc7 76. Re8+ Bb8 1-0

[Event "DVM U20 2024"]
[Site "Breisach am Rhein GER"]
[Date "2024.12.29"]
[Round "6"]
[White "Rasch, Lukas"]
[Black "Doll, Rebecca"]
[Result "1/2-1/2"]
[Termination "normal"]
[Board "6.3"]
[WhiteElo "1771"]
[BlackElo "1987"]
[WhiteTeam "SF Essen-Katernberg 04/32"]
[BlackTeam "SC Untergrombach 46"]
[PlyCount "45"]
[WhiteFideId "16272072"]
[BlackFideId "16236890"]
[EventCountry "GER"]
[EventRounds "7"]
[EventType "team-swiss"]
[EventDate "2024.12.26"]

1. e4 e5 2. Nc3 Nf6 3. f4 d5 4. fxe5 Nxe4 5. Qf3 Nc6 6. Bb5 Nxc3 7. dxc3 Qh4+
8. g3 Qe4+ 9. Be3 Bf5 10. Bd3 Qxf3 11. Nxf3 Be4 12. Bxe4 dxe4 13. Ng5 Nxe5 14.
O-O-O Ng4 15. Rd4 f5 16. Bf4 Rc8 17. Ne6 c6 18. Rhd1 Nf6 19. c4 b6 20. Be5 Kf7
21. Ng5+ Kg6 22. Ne6 Be7 23. Bf4 1/2-1/2

[Event "DVM U20 2024"]
[Site "Breisach am Rhein GER"]
[Date "2024.12.29"]
[Round "6"]
[White "Toth, Marc"]
[Black "Beetz, Ole"]
[Result "0-1"]
[Termination "normal"]
[Board "6.4"]
[WhiteElo "1793"]
[BlackElo "1788"]
[WhiteTeam "SC Untergrombach 46"]
[BlackTeam "SF Essen-Katernberg 04/32"]
[PlyCount "98"]
[WhiteFideId "16260210"]
[BlackFideId "34628339"]
[EventCountry "GER"]
[EventRounds "7"]
[EventType "team-swiss"]
[EventDate "2024.12.26"]

1. e4 c5 2. Nf3 Nc6 3. d4 cxd4 4. Nxd4 e5 5. Nb3 Nf6 6. Bg5 d6 7. Nc3 Be7 8.
Bxf6 Bxf6 9. Be2 O-O 10. O-O a6 11. a4 Bg5 12. Bc4 Kh8 13. Qe2 f5 14. Rad1 f4
15. f3 Rf6 16. Qf2 Rh6 17. g3 fxg3 18. hxg3 Qe8 19. Rfe1 Qh5 20. Kf1 Rf6 21.
Be2 Qf7 22. Nd5 Rh6 23. Kg1 Qh5 24. Qg2 Bh3 25. Qf2 Rf8 26. c3 Ne7 27. f4 Bg4
28. Qg2 Nxd5 29. Bxg4 Qxg4 30. Rxd5 Rh3 31. Re3 exf4 32. Rf3 Be7 33. Rdd3 Rxg3
34. Rxg3 fxg3 35. Nd4 Rf2 36. Qxg3 Qxg3+ 37. Rxg3 Rxb2 38. Nf5 Bf8 39. Rf3 Kg8
40. Rd3 Rb6 41. Kf2 g6 42. Ne3 Rc6 43. Kf3 Bg7 44. Nd5 Kf7 45. Ke3 Be5 46. Kf3
h5 47. Ke3 Rc4 48. Rd1 Rxa4 49. Rc1 Kg7 0-1

[Event "DVM U20 2024"]
[Site "Breisach am Rhein GER"]
[Date "2024.12.29"]
[Round "6"]
[White "Becker, Samuel"]
[Black "Jung, Niklas"]
[Result "0-1"]
[Termination "normal"]
[Board "6.5"]
[WhiteElo "1751"]
[BlackElo "1722"]
[WhiteTeam "SF Essen-Katernberg 04/32"]
[BlackTeam "SC Untergrombach 46"]
[PlyCount "56"]
[WhiteFideId "16271653"]
[BlackFideId "16280601"]
[EventCountry "GER"]
[EventRounds "7"]
[EventType "team-swiss"]
[EventDate "2024.12.26"]

1. e4 c5 2. Nc3 Nc6 3. f4 e6 4. Nf3 d5 5. exd5 exd5 6. Bb5 Nf6 7. O-O Be7 8. d4
O-O 9. Ne5 Nxd4 10. Bd3 Nf5 11. Kh1 h5 12. Be2 g6 13. Bf3 Be6 14. b3 Rb8 15. g4
hxg4 16. Bxg4 d4 17. Bxf5 Bxf5 18. Ne2 Ne4 19. Qe1 Bh4 20. Ng3 Qd5 21. Nf3 Rbe8
22. Nxe4 Bxe4 23. Qxh4 Bxf3+ 24. Kg1 Re2 25. Re1 Rfe8 26. Bb2 Qe4 27. Rac1 Rg2+
28. Kf1 Be2+ 0-1

[Event "DVM U20 2024"]
[Site "Breisach am Rhein GER"]
[Date "2024.12.29"]
[Round "6"]
[White "Wettstein, Levin"]
[Black "Springmann, Simon"]
[Result "1-0"]
[Termination "normal"]
[Board "6.6"]
[WhiteElo "1741"]
[BlackElo "1464"]
[WhiteTeam "SC Untergrombach 46"]
[BlackTeam "SF Essen-Katernberg 04/32"]
[PlyCount "75"]
[WhiteFideId "34635866"]
[BlackFideId "533025096"]
[EventCountry "GER"]
[EventRounds "7"]
[EventType "team-swiss"]
[EventDate "2024.12.26"]

1. e4 e5 2. Nf3 Nc6 3. Bc4 Nf6 4. d3 Bc5 5. c3 O-O 6. O-O d6 7. h3 h6 8. Nbd2
Re8 9. Re1 Ne7 10. Nf1 a5 11. Ng3 Ng6 12. a3 a4 13. Be3 Bxe3 14. Rxe3 c6 15. d4
d5 16. dxe5 Nxe5 17. Nxe5 Rxe5 18. Re1 Be6 19. exd5 Rxe1+ 20. Qxe1 Bxd5 21.
Bxd5 Nxd5 22. Rd1 b5 23. Qd2 Qb6 24. Nf5 Qc7 25. Qd4 f6 26. c4 Nb6 27. cxb5
cxb5 28. Qg4 Kh8 29. Re1 Ra7 30. Qg6 Ra8 31. Re7 Qc1+ 32. Kh2 Qf4+ 33. Ng3 Qg5
34. Qxg5 hxg5 35. Rb7 Nc4 36. Rxb5 Ra7 37. Rb4 Kg8 38. Rxc4 1-0

[Event "DVM U20 2024"]
[Site "Breisach am Rhein GER"]
[Date "2024.12.29"]
[Round "6"]
[White "Englert, Luca"]
[Black "Helmbrecht, Paul"]
[Result "1-0"]
[Termination "normal"]
[Board "7.1"]
[WhiteTitle "FM"]
[WhiteElo "2305"]
[BlackElo "1988"]
[WhiteTeam "VfB Schach Leipzig"]
[BlackTeam "FC Ergolding 1932"]
[PlyCount "95"]
[WhiteFideId "16293088"]
[BlackFideId "16270932"]
[EventCountry "GER"]
[EventRounds "7"]
[EventType "team-swiss"]
[EventDate "2024.12.26"]

1. e4 e5 2. Nf3 Nf6 3. Nxe5 d6 4. Nf3 Nxe4 5. Nc3 Nxc3 6. dxc3 Be7 7. Be3 Nc6
8. Qd2 O-O 9. O-O-O Ne5 10. h4 Bg4 11. Be2 Nxf3 12. gxf3 Bh5 13. Rdg1 g6 14.
Qd5 Kh8 15. Bh6 Rg8 16. Qxf7 Qe8 17. Bc4 Qxf7 18. Bxf7 Rgd8 19. Re1 Bf6 20. Re3
Bg7 21. Bxg7+ Kxg7 22. Re7 Rf8 23. Bd5+ Kh6 24. Rxc7 Bxf3 25. Bxf3 Rxf3 26. Rd7
Rxf2 27. h5 Raf8 28. hxg6+ Kxg6 29. Rg1+ Kh6 30. Rxd6+ R8f6 31. Rxf6+ Rxf6 32.
a4 Rg6 33. Rh1+ Kg7 34. b4 Ra6 35. a5 Kg6 36. Rg1+ Kf6 37. Rh1 Kg6 38. Kb2 h5
39. c4 Kg5 40. Kb3 h4 41. c5 Rc6 42. Kc4 Rf6 43. Kd5 Rf2 44. Kd6 Rxc2 45. b5
Rc4 46. c6 bxc6 47. bxc6 Rd4+ 48. Kc5 1-0

[Event "DVM U20 2024"]
[Site "Breisach am Rhein GER"]
[Date "2024.12.29"]
[Round "6"]
[White "Lichtinger, Simon"]
[Black "Schön, Florian"]
[Result "1/2-1/2"]
[Termination "normal"]
[Board "7.2"]
[WhiteElo "1909"]
[BlackElo "1919"]
[WhiteTeam "FC Ergolding 1932"]
[BlackTeam "VfB Schach Leipzig"]
[PlyCount "59"]
[WhiteFideId "16230442"]
[BlackFideId "16259394"]
[EventCountry "GER"]
[EventRounds "7"]
[EventType "team-swiss"]
[EventDate "2024.12.26"]

1. e4 e5 2. Nf3 Nc6 3. Bc4 Bc5 4. c3 Nf6 5. d3 a6 6. O-O Ba7 7. a4 d6 8. Re1
O-O 9. h3 h6 10. Nbd2 Nh5 11. Nf1 Qf6 12. N1h2 Nf4 13. Ng4 Bxg4 14. hxg4 a5 15.
d4 Ne7 16. g3 Ne6 17. d5 Ng5 18. Bxg5 hxg5 19. Kg2 Qg6 20. Qd2 f6 21. b4 Bb6
22. Bd3 Kf7 23. Rh1 Rh8 24. Rxh8 Rxh8 25. Rh1 Rxh1 26. Kxh1 Qh7+ 27. Kg2 Qg8
28. bxa5 Bxa5 29. Qb2 Qa8 30. Nd2 1/2-1/2

[Event "DVM U20 2024"]
[Site "Breisach am Rhein GER"]
[Date "2024.12.29"]
[Round "6"]
[White "Lohr, Alexander"]
[Black "Widmann, Maximilian"]
[Result "1/2-1/2"]
[Termination "normal"]
[Board "7.4"]
[WhiteElo "1612"]
[BlackElo "1771"]
[WhiteTeam "FC Ergolding 1932"]
[BlackTeam "VfB Schach Leipzig"]
[PlyCount "45"]
[WhiteFideId "16297865"]
[BlackFideId "16281691"]
[EventCountry "GER"]
[EventRounds "7"]
[EventType "team-swiss"]
[EventDate "2024.12.26"]

1. e4 c6 2. Nf3 d5 3. Nc3 dxe4 4. Nxe4 Bg4 5. h3 Bxf3 6. Qxf3 Nf6 7. Bc4 e6 8.
Nxf6+ gxf6 9. d3 Bd6 10. Bf4 Bxf4 11. Qxf4 Nd7 12. O-O-O Qa5 13. Rhe1 O-O-O 14.
Kb1 Rhg8 15. g3 Qg5 16. Qxg5 fxg5 17. d4 Nf6 18. c3 h5 19. Re5 Rg7 20. Rde1 Rh8
21. Kc2 h4 22. g4 Rh6 23. R5e3 1/2-1/2

[Event "DVM U20 2024"]
[Site "Breisach am Rhein GER"]
[Date "2024.12.29"]
[Round "6"]
[White "Feilhauer, Janick"]
[Black "Lieder, Dominik"]
[Result "1-0"]
[Termination "normal"]
[Board "7.5"]
[WhiteElo "1710"]
[BlackElo "1568"]
[WhiteTeam "VfB Schach Leipzig"]
[BlackTeam "FC Ergolding 1932"]
[PlyCount "61"]
[WhiteFideId "16266358"]
[BlackFideId "16281209"]
[EventCountry "GER"]
[EventRounds "7"]
[EventType "team-swiss"]
[EventDate "2024.12.26"]

1. d4 d5 2. c4 c6 3. Nf3 Nf6 4. Nc3 e6 5. Bg5 Be7 6. e3 Nbd7 7. Rc1 O-O 8. Bd3
dxc4 9. Bxc4 b5 10. Bd3 Bb7 11. O-O Nd5 12. Bxe7 Nxe7 13. Qe2 a6 14. Rfd1 Re8
15. Ne4 Qb8 16. Bb1 Ng6 17. Nc5 Nf6 18. Qc2 Rc8 19. Ne5 Ra7 20. Nxg6 hxg6 21.
f4 Nd5 22. Qe2 Qd6 23. Be4 a5 24. a4 b4 25. Rc2 Ba8 26. Rdc1 Qd8 27. g3 Kf8 28.
Bxg6 Qb6 29. Be4 Qd8 30. Qf3 f5 31. Nxe6+ 1-0

[Event "DVM U20 2024"]
[Site "Breisach am Rhein GER"]
[Date "2024.12.29"]
[Round "6"]
[White "Paringer, Jakob"]
[Black "Vecera, Fabio"]
[Result "0-1"]
[Termination "normal"]
[Board "7.6"]
[WhiteElo "1531"]
[BlackElo "1673"]
[WhiteTeam "FC Ergolding 1932"]
[BlackTeam "VfB Schach Leipzig"]
[PlyCount "74"]
[WhiteFideId "34605134"]
[BlackFideId "16281705"]
[EventCountry "GER"]
[EventRounds "7"]
[EventType "team-swiss"]
[EventDate "2024.12.26"]

1. c4 Nf6 2. g3 c5 3. Bg2 d5 4. b3 Nc6 5. Nf3 d4 6. O-O e5 7. d3 Be7 8. Bg5 O-O
9. Nbd2 h6 10. Bxf6 Bxf6 11. Rb1 Bg5 12. h3 Bf5 13. Nh2 Qd7 14. g4 Be6 15. Ne4
Be7 16. f4 f5 17. Nf2 exf4 18. Bxc6 Qxc6 19. Nf3 Qc7 20. a3 a5 21. gxf5 Bxf5
22. Kh2 Kh7 23. Rg1 Rae8 24. Qd2 Bd6 25. Rg2 b6 26. Rbg1 Rf7 27. a4 Qe7 28. Re1
Bc8 29. Ne4 Bc7 30. Rgg1 Kh8 31. Qc1 Qe6 32. Nf2 Bb7 33. Qd2 Qe3 34. Qxe3 fxe3+
35. Kg2 exf2 36. Kxf2 Bf4 37. Kg2 Bd2 0-1